| 000 | 00860nam a22002177a 4500 | ||
|---|---|---|---|
| 003 | OSt | ||
| 005 | 20161205171204.0 | ||
| 008 | 161122s2015 spca||| |||| 000 0 cat|d | ||
| 017 |
_aDL B 29144-2015 _bBiblioteca de Catalunya |
||
| 020 | _a9788416605064 | ||
| 040 |
_bcat _cCDMR |
||
| 100 | 1 |
_aGuillamon, Julià, _d1962- |
|
| 245 | 1 | 2 |
_aL'enigma Arquimbau _b: sexe, feminisme i literatura a l'era del flirt _cJulià Guillamon |
| 260 |
_aBarcelona : _bComanegra, _c2015 |
||
| 300 |
_a325 p. : _bil. (algunes col.), fot. ; _c19 cm + _e1 vol. (102 p. ; 19 cm) |
||
| 500 | _aEn estoig | ||
| 505 | 8 | _aAmb un facísmil de: Història d'una noia i vint braçalets / Rosa Maria Arquimbau (1934) | |
| 600 | 1 | 7 |
_aArquimbau, Rosa Maria, _d1910-1992 _xBiografia _2lemac |
| 700 | 1 | 2 |
_aArquimbau, Rosa Maria, _d1910-1992. _tHistòria d'una noia i vint braçalets |
| 942 |
_cMON _2udc |
||
| 999 |
_c6976 _d6976 |
||